[Event "8. HK Mesterskab 2005"]
[Site "Farum"]
[Date "2005.10.19"]
[Round "4"]
[White "Nielsen, Nicholas Roland"]
[Black "Damm, Kasper Wilken"]
[Result "0-1"]
[WhiteElo "2208"]
[BlackElo "2261"]
[PlyCount "82"]
[EventDate "2005.10.??"]
[EventType "swiss"]
[EventRounds "7"]
[EventCountry "DEN"]

1. e4 c5 2. Nf3 Nc6 3. Nc3 g6 4. d4 cxd4 5. Nxd4 Bg7 6. Be3 Nf6 7. Bc4 O-O 8.
Bb3 a5 9. f3 a4 10. Bxa4 Qb6 11. Bb3 Ng4 12. fxg4 Bxd4 13. Bxd4 Nxd4 14. Nd5
Qa5+ 15. c3 Nc6 16. O-O d6 17. g5 Be6 18. Kh1 Qd8 19. Rf4 Ne5 20. Qd4 Bxd5 21.
exd5 Qc7 22. h4 f6 23. gxf6 exf6 24. g4 Qd7 25. Raf1 Kg7 26. Kg2 Rf7 27. Kg3
Qb5 28. c4 Qb4 29. h5 Raf8 30. hxg6 hxg6 31. Qe4 Rh8 32. Qe3 b6 33. Qf2 Nd3 34.
Qe3 Nxf4 35. Rxf4 Qc5 36. Qxc5 bxc5 37. Re4 f5 38. gxf5 gxf5 39. Re6 f4+ 40.
Kf3 Rh3+ 41. Kg2 f3+ 0-1

[Event "8. HK Mesterskab 2005"]
[Site "Farum"]
[Date "2005.10.19"]
[Round "4"]
[White "Pedersen, Christopher RNH"]
[Black "Thorsbro, Peter"]
[Result "0-1"]
[WhiteElo "1798"]
[BlackElo "2205"]
[PlyCount "74"]
[EventDate "2005.10.??"]
[EventType "swiss"]
[EventRounds "7"]
[EventCountry "DEN"]

1. e4 c5 2. Nf3 a6 3. d4 cxd4 4. Nxd4 e5 5. Nb3 Nf6 6. Bg5 Nc6 7. Be2 Be7 8.
Bf3 O-O 9. O-O d6 10. Nc3 Nxe4 11. Bxe7 Nxc3 12. Qxd6 Qxe7 13. Qxe7 Nxe7 14.
bxc3 Rb8 15. Rfe1 f6 16. a4 Bf5 17. Ra2 Rfc8 18. g4 Rxc3 19. Nd4 Bd7 20. Bd1
Nd5 21. Ne2 Rc4 22. c3 Kf8 23. Bb3 Rxg4+ 24. Ng3 Nxc3 25. Rc2 Nxa4 26. Rd1 Bc6
27. Be6 Rd4 28. Rb1 Rbd8 29. Rcc1 Bf3 30. Bb3 g6 31. Rc7 Bc6 32. Rxh7 Nc5 33.
Bc2 f5 34. h3 Rd2 35. Rc1 R8d7 36. Rh8+ Kg7 37. Rc8 Nd3 0-1

[Event "8. HK Mesterskab 2005"]
[Site "Farum"]
[Date "2005.10.19"]
[Round "4"]
[White "Kaya Mortensen, Jan T"]
[Black "Eriksson, Christian Altenburg"]
[Result "0-1"]
[WhiteElo "2173"]
[BlackElo "1985"]
[PlyCount "58"]
[EventDate "2005.10.??"]
[EventType "swiss"]
[EventRounds "7"]
[EventCountry "DEN"]

1. c4 Nf6 2. Nc3 e5 3. e3 Nc6 4. d4 exd4 5. exd4 d5 6. Nf3 Bb4 7. Bg5 Be6 8. c5
h6 9. Bh4 g5 10. Nxg5 hxg5 11. Bxg5 Qe7 12. Be2 O-O-O 13. Kf1 Bxc3 14. bxc3
Rdg8 15. f4 Rxg5 16. fxg5 Ne4 17. Qd3 Qxg5 18. Kg1 Bf5 19. Qf3 Rh3 20. g3 Nxg3
21. hxg3 Rxg3+ 22. Kf2 Rxf3+ 23. Bxf3 Qd2+ 24. Kg3 Qxc3 25. Kf4 Be6 26. Rad1
Nxd4 27. Bxd5 Ne2+ 28. Kg5 Qg7+ 29. Kh4 Qg4# 0-1

[Event "8. HK Mesterskab 2005"]
[Site "Farum"]
[Date "2005.10.19"]
[Round "4"]
[White "Scherwin, Claes"]
[Black "Andersen, Daniel"]
[Result "1/2-1/2"]
[WhiteElo "1618"]
[BlackElo "2026"]
[PlyCount "55"]
[EventDate "2005.10.??"]
[EventType "swiss"]
[EventRounds "7"]
[EventCountry "DEN"]

1. e4 e6 2. d4 d5 3. exd5 exd5 4. c3 Bd6 5. Bd3 Ne7 6. Be3 Nbc6 7. Nd2 Be6 8.
Ne2 Qd7 9. Qc2 O-O-O 10. O-O-O Bf5 11. Rde1 Bxd3 12. Qxd3 Ng6 13. h3 Rde8 14.
Kb1 Re7 15. Nb3 Rhe8 16. Ng3 Nf4 17. Qxh7 Ng6 18. Ne2 Qf5+ 19. Ka1 Rh8 20. Qxg7
Re6 21. Ng3 Bxg3 22. fxg3 Rhe8 23. Qh6 Qd3 24. Bf2 Re2 25. Rxe2 Rxe2 26. Nc1
Qd2 27. Qxd2 Rxd2 28. Rf1 1/2-1/2

[Event "8. HK Mesterskab 2005"]
[Site "Farum"]
[Date "2005.10.19"]
[Round "4"]
[White "Thomsen, Kurt"]
[Black "Noer, Martin Stampe"]
[Result "1-0"]
[WhiteElo "1851"]
[BlackElo "1804"]
[PlyCount "87"]
[EventDate "2005.10.??"]
[EventType "swiss"]
[EventRounds "7"]
[EventCountry "DEN"]

1. d4 d5 2. c4 c6 3. Nf3 Nf6 4. Nc3 dxc4 5. a4 Bf5 6. e3 e6 7. Bxc4 Bb4 8. O-O
Nbd7 9. Qe2 O-O 10. Rd1 Bg4 11. h3 Bh5 12. e4 Nb6 13. Bb3 Qc7 14. Bg5 Nbd7 15.
Rac1 Rfe8 16. e5 Bxc3 17. bxc3 Nd5 18. g4 Bg6 19. Nh4 Nf8 20. Bd2 Qe7 21. Nxg6
Nxg6 22. Qf3 Red8 23. Qg3 Rac8 24. f4 c5 25. f5 Qh4 26. Qxh4 Nxh4 27. Rf1 h6
28. Be1 g5 29. Bxh4 gxh4 30. fxe6 fxe6 31. c4 Nb4 32. d5 exd5 33. cxd5 Nd3 34.
d6+ Kh8 35. d7 Rb8 36. e6 Nxc1 37. Rxc1 Kg7 38. Rf1 b5 39. axb5 Rxd7 40. exd7
Rd8 41. Be6 c4 42. Rc1 Kf6 43. Bf5 h5 44. Rxc4 1-0

[Event "8. HK Mesterskab 2005"]
[Site "Farum"]
[Date "2005.10.19"]
[Round "4"]
[White "Rasmussen, Ole"]
[Black "Christophersen, David"]
[Result "1/2-1/2"]
[WhiteElo "1613"]
[BlackElo "1512"]
[PlyCount "75"]
[EventDate "2005.10.??"]
[EventType "swiss"]
[EventRounds "7"]
[EventCountry "DEN"]

1. e4 g6 2. d4 Bg7 3. Nc3 d6 4. Nf3 Nf6 5. Be2 c5 6. dxc5 Qa5 7. O-O Qxc5 8.
Be3 Qa5 9. a3 Nbd7 10. Nd4 a6 11. Qd2 Qc7 12. Rac1 Nc5 13. Nd5 Nxd5 14. exd5
O-O 15. b4 Ne4 16. Qd3 Nf6 17. c4 e5 18. dxe6 fxe6 19. f4 e5 20. fxe5 dxe5 21.
Nc2 e4 22. Qb3 Be6 23. Nd4 Bf7 24. Qc2 Rfe8 25. Qd2 Rad8 26. Qe1 Nd7 27. Kh1
Nb6 28. Qf2 Nxc4 29. Bxc4 Bxc4 30. Qc2 Bxd4 31. Bf4 Be5 32. Bxe5 Rxe5 33. Qxc4+
Qxc4 34. Rxc4 e3 35. Re1 e2 36. Kg1 Rd1 37. Kf2 Rd7 38. Rxe2 1/2-1/2

[Event "8. HK Mesterskab 2005"]
[Site "Farum"]
[Date "2005.10.19"]
[Round "4"]
[White "Jensen, Orla"]
[Black "Hansen, Torben"]
[Result "1-0"]
[WhiteElo "2003"]
[BlackElo "1603"]
[PlyCount "53"]
[EventDate "2005.10.??"]
[EventType "swiss"]
[EventRounds "7"]
[EventCountry "DEN"]

1. d4 d5 2. c4 e5 3. dxe5 d4 4. Nf3 Nc6 5. a3 Bg4 6. Nbd2 g6 7. h3 Bxf3 8. Nxf3
Bg7 9. Bf4 f6 10. exf6 Nxf6 11. Bg5 O-O 12. Qd3 Qe8 13. Bxf6 Bxf6 14. g3 Ne5
15. Nxe5 Qxe5 16. Bg2 Rfe8 17. Bxb7 Rab8 18. Bd5+ Kh8 19. b4 Qh5 20. Bf3 Qg5
21. h4 Qh6 22. O-O g5 23. hxg5 Qxg5 24. Kg2 Be5 25. Rh1 Re7 26. Rh5 Qf6 27.
Rah1 1-0

[Event "8. HK Mesterskab 2005"]
[Site "Farum"]
[Date "2005.10.19"]
[Round "4"]
[White "Bostrup, Thomas Due"]
[Black "Palvig, David"]
[Result "1-0"]
[WhiteElo "1721"]
[BlackElo "1171"]
[PlyCount "49"]
[EventDate "2005.10.??"]
[EventType "swiss"]
[EventRounds "7"]
[EventCountry "DEN"]

1. d4 f5 2. c4 Nf6 3. Nc3 g6 4. Nf3 d6 5. Bg5 Bg7 6. e3 O-O 7. Be2 b6 8. O-O
Bb7 9. b4 Nbd7 10. Rc1 c5 11. bxc5 dxc5 12. d5 Qe8 13. Nb5 Qf7 14. Nc7 Rac8 15.
Bf4 Ne4 16. Ne6 Nc3 17. Qc2 Nxe2+ 18. Qxe2 Rfe8 19. Nc7 Red8 20. Ng5 Qf6 21.
Nge6 Qb2 22. Rc2 Qb4 23. Nxd8 Rxd8 24. Ne6 Re8 25. e4 1-0

[Event "8. HK Mesterskab 2005"]
[Site "Farum"]
[Date "2005.10.19"]
[Round "4"]
[White "Jorgensen, Orla Eilegaard"]
[Black "Petersen, Jan"]
[Result "1/2-1/2"]
[WhiteElo "1595"]
[BlackElo "1322"]
[PlyCount "67"]
[EventDate "2005.10.??"]
[EventType "swiss"]
[EventRounds "7"]
[EventCountry "DEN"]

1. e4 c6 2. d4 d5 3. exd5 cxd5 4. c4 Nf6 5. Nc3 e6 6. a3 b6 7. Nf3 dxc4 8. Bxc4
Bb7 9. O-O Be7 10. Bf4 O-O 11. Nb5 Ba6 12. Qd3 Bxb5 13. Bxb5 Nd5 14. Bg3 a6 15.
Ba4 b5 16. Bc2 Nf6 17. Bh4 Nbd7 18. b4 Re8 19. Rfe1 Nf8 20. Rac1 Nd5 21. Bg3
Bd6 22. Bh4 Nf4 23. Qe4 Qb6 24. Ne5 Bxe5 25. dxe5 N4g6 26. Bg5 Nd7 27. Be3 Qb8
28. f4 Qd8 29. Red1 Qe7 30. Rd2 Red8 31. Rcd1 Ndf8 32. Bc5 Qc7 33. Bd6 Qb6+ 34.
Kh1 1/2-1/2

[Event "8. HK Mesterskab 2005"]
[Site "Farum"]
[Date "2005.10.19"]
[Round "4"]
[White "Hein, Jacob"]
[Black "Pedersen, Leif"]
[Result "0-1"]
[WhiteElo "1390"]
[BlackElo "1286"]
[PlyCount "160"]
[EventDate "2005.10.??"]
[EventType "swiss"]
[EventRounds "7"]
[EventCountry "DEN"]

1. c4 e5 2. e3 c5 3. d4 Nc6 4. d5 Nce7 5. Nf3 d6 6. Be2 Nf6 7. Nc3 e4 8. Ng5 h6
9. Ngxe4 Nxe4 10. Nxe4 Ng6 11. O-O Be7 12. f4 Bf5 13. Ng3 Bd7 14. Nh5 O-O 15.
Bd2 f6 16. Bg4 b5 17. Be6+ Kh7 18. Qg4 Bxe6 19. dxe6 f5 20. Qe2 bxc4 21. Qxc4
d5 22. Qc2 Rc8 23. Bc3 d4 24. Rad1 Qb6 25. Bd2 Qb7 26. Ng3 Nh4 27. e4 c4 28.
Be1 d3 29. Qd2 Qb6+ 30. Kh1 Qxe6 31. e5 Qc6 32. Rg1 Bc5 33. Bf2 Bxf2 34. Qxf2
Qc5 35. Qxc5 Rxc5 36. Rc1 Rd8 37. Rgd1 d2 38. Rc2 Ng6 39. Ne2 Nf8 40. b3 c3 41.
Rxc3 Rxc3 42. Nxc3 Rc8 43. Ne2 Rc2 44. a3 Ne6 45. g3 Nd4 46. Ng1 Nxb3 47. e6
Rc7 48. Kg2 Re7 49. Nf3 Rxe6 50. Kf2 Rd6 51. Ne5 Rd4 52. Nf3 Ra4 53. Nxd2 Nxd2
54. Rxd2 Rxa3 55. Kg2 a5 56. Rd5 Kg6 57. h4 h5 58. Rd6+ Kh7 59. Ra6 Ra2+ 60.
Kh3 a4 61. Ra7 Ra1 62. Ra5 g6 63. Ra7+ Kh6 64. Ra6 a3 65. Kg2 Ra2+ 66. Kf1 Ra1+
67. Ke2 a2 68. Kd2 Rg1 69. Ke2 a1=Q 70. Rxa1 Rxa1 71. Kf2 Ra2+ 72. Kg1 Kg7 73.
Kh1 Kf6 74. g4 hxg4 75. Kg1 g3 76. Kh1 Ke6 77. Kg1 Kd5 78. Kf1 Ke4 79. Kg1 Kf3
80. h5 Ra1# 0-1

[Event "8. HK Mesterskab 2005"]
[Site "Farum"]
[Date "2005.10.20"]
[Round "5"]
[White "Damm, Kasper Wilken"]
[Black "Thorsbro, Peter"]
[Result "0-1"]
[WhiteElo "2261"]
[BlackElo "2205"]
[PlyCount "92"]
[EventDate "2005.10.??"]
[EventType "swiss"]
[EventRounds "7"]
[EventCountry "DEN"]

1. e4 c5 2. Nf3 a6 3. c4 e6 4. Nc3 Nc6 5. d4 cxd4 6. Nxd4 Qb6 7. Nxc6 dxc6 8.
Be2 e5 9. O-O Nf6 10. Be3 Qxb2 11. Qd3 Bb4 12. Na4 Qa3 13. Nb6 Rb8 14. Rab1 Be6
15. Rb3 Qa5 16. a3 Rd8 17. Nd5 cxd5 18. cxd5 Bc5 19. Bd2 Qc7 20. Rc3 Bc8 21.
Rxc5 Qxc5 22. Bb4 Qd4 23. Qg3 Rg8 24. Bf3 b6 25. Rc1 Bd7 26. Bd6 Nxe4 27. Bxe4
Qxe4 28. Bc7 Rc8 29. d6 f6 30. Qb3 Rf8 31. Qxb6 Qd3 32. Re1 Qxa3 33. Qb1 g6 34.
Qe4 Qc5 35. h4 Kf7 36. h5 Kg7 37. Re3 Rxc7 38. dxc7 Qxc7 39. Rg3 Qc1+ 40. Kh2
Qh6 41. Qb7 Rf7 42. Qxa6 Qxh5+ 43. Kg1 Bf5 44. Re3 Rd7 45. f3 Rd1+ 46. Kf2 Qh4+
0-1

[Event "8. HK Mesterskab 2005"]
[Site "Farum"]
[Date "2005.10.20"]
[Round "5"]
[White "Eriksson, Christian Altenburg"]
[Black "Nielsen, Nicholas Roland"]
[Result "1/2-1/2"]
[WhiteElo "1985"]
[BlackElo "2208"]
[PlyCount "83"]
[EventDate "2005.10.??"]
[EventType "swiss"]
[EventRounds "7"]
[EventCountry "DEN"]

1. e4 c5 2. c3 d5 3. exd5 Qxd5 4. Nf3 g6 5. d4 Bg7 6. Be3 cxd4 7. cxd4 e6 8.
Nc3 Qd8 9. Qd2 Ne7 10. Bg5 h6 11. Bf4 Nd5 12. Be5 O-O 13. Bxg7 Kxg7 14. Bc4 Nb6
15. Bb3 Nc6 16. O-O Ne7 17. Rfe1 Nbd5 18. Re5 Nxc3 19. bxc3 b6 20. d5 exd5 21.
Rae1 Ng8 22. Rxd5 Qc7 23. Qd4+ Kh7 24. Bc2 Ne7 25. Rde5 Be6 26. Qh4 Kg7 27. Nd4
Qxc3 28. Qxe7 Bxa2 29. Bxg6 Qxd4 30. Qb7 Kxg6 31. R5e4 Bd5 32. Qd7 Qxe4 33.
Rxe4 Bxe4 34. Qg4+ Kh7 35. Qxe4+ f5 36. Qe7+ Kg6 37. h4 a5 38. Qe6+ Rf6 39. h5+
Kg7 40. Qe7+ Rf7 41. Qe5+ Rf6 42. Qe7+ 1/2-1/2

[Event "8. HK Mesterskab 2005"]
[Site "Farum"]
[Date "2005.10.20"]
[Round "5"]
[White "Andersen, Daniel"]
[Black "Thomsen, Kurt"]
[Result "1-0"]
[WhiteElo "2026"]
[BlackElo "1851"]
[PlyCount "95"]
[EventDate "2005.10.??"]
[EventType "swiss"]
[EventRounds "7"]
[EventCountry "DEN"]

1. c4 Nf6 2. g3 g6 3. Bg2 d5 4. cxd5 Nxd5 5. Nc3 c6 6. d4 Bg7 7. e4 Nb6 8. Nge2
O-O 9. a4 Na6 10. a5 Nd7 11. O-O c5 12. d5 Ne5 13. f4 Nc4 14. Qa4 Nd6 15. Be3
Bd7 16. Qb3 b5 17. axb6 axb6 18. e5 Nf5 19. Bf2 Nb4 20. Rxa8 Qxa8 21. g4 Nh6
22. h3 Qa6 23. Bh4 e6 24. d6 Nc6 25. Rd1 Nxe5 26. fxe5 Bxe5 27. Ng3 f6 28. Nge4
g5 29. Bg3 Bd4+ 30. Bf2 Be5 31. Bf1 Qa7 32. Bc4 Re8 33. Nb5 Qb7 34. Re1 Rd8 35.
Bxe6+ Kg7 36. Bxd7 Rxd7 37. Qd3 Nf7 38. Bg3 Bxb2 39. Nc7 Ne5 40. Bxe5 Bxe5 41.
Qb5 Rxc7 42. dxc7 Qxc7 43. Qe8 Bd4+ 44. Kg2 Qb7 45. Qe6 b5 46. Kh2 b4 47. Ng3
b3 48. Nf5+ 1-0

[Event "8. HK Mesterskab 2005"]
[Site "Farum"]
[Date "2005.10.20"]
[Round "5"]
[White "Pedersen, Christopher RNH"]
[Black "Scherwin, Claes"]
[Result "0-1"]
[WhiteElo "1798"]
[BlackElo "1618"]
[PlyCount "65"]
[EventDate "2005.10.??"]
[EventType "swiss"]
[EventRounds "7"]
[EventCountry "DEN"]

1. e4 c5 2. Nf3 Nc6 3. c3 Nf6 4. e5 Nd5 5. d4 cxd4 6. cxd4 e6 7. Nc3 Nxc3 8.
bxc3 d6 9. exd6 Bxd6 10. Be2 O-O 11. O-O Ne7 12. Bd3 Bd7 13. Ng5 Ng6 14. Qh5 h6
15. Nxf7 Rxf7 16. Qxg6 Kf8 17. Qh7 Bc6 18. Qh8+ Ke7 19. Qxd8+ Rxd8 20. Be3 a6
21. f3 e5 22. Be4 exd4 23. Bxd4 Bxe4 24. Rae1 g6 25. Rxe4+ Kd7 26. Rd1 Rf5 27.
a4 h5 28. Be5 Kc6 29. Kf1 b5 30. axb5+ axb5 31. Red4 Bxe5 32. c4 b4 33. R4d2
0-1

[Event "8. HK Mesterskab 2005"]
[Site "Farum"]
[Date "2005.10.20"]
[Round "5"]
[White "Rasmussen, Ole"]
[Black "Kaya Mortensen, Jan T"]
[Result "0-1"]
[WhiteElo "1613"]
[BlackElo "2173"]
[PlyCount "62"]
[EventDate "2005.10.??"]
[EventType "swiss"]
[EventRounds "7"]
[EventCountry "DEN"]

1. e4 e5 2. Nf3 f5 3. d3 Nc6 4. Nc3 Nf6 5. Bg5 Bb4 6. Nd2 Bxc3 7. bxc3 O-O 8.
exf5 d5 9. Be2 Bxf5 10. O-O Qd6 11. Bf3 Rae8 12. Re1 Nd8 13. c4 c6 14. cxd5
cxd5 15. g3 Ne6 16. Bxf6 Rxf6 17. Bg2 Ng5 18. Kh1 Nh3 19. Bxh3 Bxh3 20. f4 e4
21. dxe4 dxe4 22. Qh5 Bd7 23. Rad1 Bc6 24. Nc4 e3+ 25. Kg1 Qb4 26. Nxe3 Rfe6
27. Kf2 g6 28. Qg4 Qc5 29. Rd3 Be4 30. Rd2 Bc6 31. f5 Rxe3 0-1

[Event "8. HK Mesterskab 2005"]
[Site "Farum"]
[Date "2005.10.20"]
[Round "5"]
[White "Christophersen, David"]
[Black "Bostrup, Thomas Due"]
[Result "1-0"]
[WhiteElo "1512"]
[BlackElo "1721"]
[PlyCount "81"]
[EventDate "2005.10.??"]
[EventType "swiss"]
[EventRounds "7"]
[EventCountry "DEN"]

1. g3 d5 2. Bg2 e5 3. d3 f5 4. c4 c6 5. b3 Nf6 6. Bb2 Bd6 7. c5 Bxc5 8. Bxe5
Bxf2+ 9. Kxf2 Ng4+ 10. Ke1 Nxe5 11. Qd2 O-O 12. Nf3 Nxf3+ 13. Bxf3 Nd7 14. Qc3
Qf6 15. d4 Qe7 16. Nd2 Nf6 17. Rg1 Ne4 18. Bxe4 fxe4 19. Nf1 Qf6 20. Kd2 Bg4
21. Ne3 Bxe2 22. Qb4 Qf2 23. Rg2 Qf6 24. Rxe2 b6 25. Rf1 Qh6 26. Ref2 Rf3 27.
Rxf3 exf3 28. h4 Qf6 29. Ng4 Qf5 30. Ne5 c5 31. Qb5 Qe4 32. Nxf3 cxd4 33. Qd3
Rf8 34. Qe2 Re8 35. Qxe4 Rxe4 36. Re1 Rg4 37. Re8+ Kf7 38. Ne5+ Kxe8 39. Nxg4
Kd7 40. Kd3 Ke6 41. Kxd4 1-0

[Event "8. HK Mesterskab 2005"]
[Site "Farum"]
[Date "2005.10.20"]
[Round "5"]
[White "Petersen, Jan"]
[Black "Jensen, Orla"]
[Result "0-1"]
[WhiteElo "1322"]
[BlackElo "2003"]
[PlyCount "80"]
[EventDate "2005.10.??"]
[EventType "swiss"]
[EventRounds "7"]
[EventCountry "DEN"]

1. e4 c5 2. Nf3 e6 3. d4 cxd4 4. Nxd4 Nf6 5. Nc3 Nc6 6. Ndb5 d6 7. Bg5 a6 8.
Bxf6 gxf6 9. Nd4 Bd7 10. Qd2 h5 11. f4 Qb6 12. Nb3 O-O-O 13. O-O-O Be7 14. Be2
Kb8 15. Kb1 Rc8 16. Rhe1 Na5 17. Nxa5 Qxa5 18. Bf3 Rc7 19. Ne2 Qc5 20. Nc3 Qa5
21. Ne2 Qb6 22. Qd4 Qc6 23. Nc3 Qc5 24. Qxc5 dxc5 25. Ne2 Bc6 26. c4 Rcc8 27.
Nc3 Bd8 28. Re3 Bc7 29. Ne2 h4 30. h3 Ka7 31. Ka1 b5 32. b3 bxc4 33. bxc4 Ba4
34. Rb1 Rb8 35. Rxb8 Rxb8 36. e5 Bc2 37. Nc3 Ba5 38. a3 Rb3 39. Nd1 Bxd1 40.
Rxb3 Bxb3 0-1

[Event "8. HK Mesterskab 2005"]
[Site "Farum"]
[Date "2005.10.20"]
[Round "5"]
[White "Noer, Martin Stampe"]
[Black "Hansen, Torben"]
[Result "0-1"]
[WhiteElo "1804"]
[BlackElo "1603"]
[PlyCount "76"]
[EventDate "2005.10.??"]
[EventType "swiss"]
[EventRounds "7"]
[EventCountry "DEN"]

1. d4 e5 2. d5 Bc5 3. c4 Nf6 4. Nc3 d6 5. e3 O-O 6. Nf3 Bg4 7. h3 Bh5 8. Be2
Nbd7 9. O-O Ne8 10. e4 Bg6 11. Bg5 Nef6 12. Nh4 Qe8 13. Nxg6 fxg6 14. a3 a6 15.
b4 Bd4 16. Bd2 Bxc3 17. Bxc3 Nxe4 18. Bb2 Qe7 19. Bd3 Nef6 20. Qc2 Nh5 21. g3
Rae8 22. Rae1 Nhf6 23. Bc1 e4 24. Qb3 Qf7 25. Be2 Ne5 26. Be3 Qd7 27. Kg2 Nh5
28. c5 Qf5 29. Bxh5 gxh5 30. Qd1 Qg6 31. Kh1 Rf3 32. Bf4 h4 33. Bxe5 Rxe5 34.
cxd6 cxd6 35. Qc2 Qf5 36. Kg2 Qg6 37. Rxe4 Rxe4 38. Kxf3 Re3+ 0-1

[Event "8. HK Mesterskab 2005"]
[Site "Farum"]
[Date "2005.10.20"]
[Round "5"]
[White "Pedersen, Leif"]
[Black "Palvig, David"]
[Result "0-1"]
[WhiteElo "1286"]
[BlackElo "1171"]
[PlyCount "122"]
[EventDate "2005.10.??"]
[EventType "swiss"]
[EventRounds "7"]
[EventCountry "DEN"]

1. c4 Nf6 2. Nc3 e5 3. e4 c6 4. a3 d5 5. cxd5 cxd5 6. exd5 Nxd5 7. Qe2 Nc6 8.
Qe4 Nf6 9. Qa4 Bd7 10. Qh4 Nd4 11. Bd3 Be7 12. Qg3 O-O 13. Nge2 Bc6 14. O-O Bd6
15. Qh3 Bc5 16. Nxd4 Qxd4 17. Ne2 Qd6 18. Bf5 Bb5 19. d3 g6 20. Bh6 Rfe8 21. b4
Bb6 22. Nc3 Bc6 23. Rad1 Nd5 24. Ne4 Qe7 25. Bg5 f6 26. Bh6 gxf5 27. Qxf5 Bd7
28. Qf3 Kh8 29. Qh5 Rg8 30. h3 Qe6 31. Kh2 Qf5 32. Qxf5 Bxf5 33. Nd6 Bg6 34.
Nxb7 Nf4 35. Bxf4 exf4 36. f3 Rg7 37. Nd6 Rd8 38. Ne4 Bxe4 39. fxe4 Bc7 40. Kh1
Rg3 41. Rf3 Rxf3 42. gxf3 Kg7 43. d4 h5 44. h4 Be5 45. d5 f5 46. exf5 Kf6 47.
b5 Kxf5 48. a4 Bc7 49. Rg1 Rxd5 50. Rg5+ Ke6 51. Rg6+ Ke5 52. Rg1 Bd8 53. Rc1
Rd4 54. Rc5+ Rd5 55. Rc6 Bb6 56. Rh6 Kd4 57. Rc6 Ke3 58. Kg2 Rd2+ 59. Kf1 Kxf3
60. Rc3+ Be3 61. a5 Rd1# 0-1

[Event "8. HK Mesterskab 2005"]
[Site "Farum"]
[Date "2005.10.20"]
[Round "5"]
[White "Hein, Jacob"]
[Black "Jorgensen, Orla Eilegaard"]
[Result "1-0"]
[WhiteElo "1390"]
[BlackElo "1595"]
[PlyCount "77"]
[EventDate "2005.10.??"]
[EventType "swiss"]
[EventRounds "7"]
[EventCountry "DEN"]

1. Nf3 d5 2. g3 c5 3. d4 cxd4 4. Qxd4 Nc6 5. Qa4 Nf6 6. Bg2 Bd7 7. c3 Ne5 8.
Qd1 Nxf3+ 9. exf3 Bb5 10. b4 e6 11. a4 Bd7 12. O-O a5 13. Ba3 axb4 14. Bxb4
Bxb4 15. cxb4 O-O 16. Re1 Qb6 17. b5 Bxb5 18. Qb3 Qc6 19. axb5 Qc5 20. Rxa8
Rxa8 21. Nc3 Ra3 22. Na4 Rxb3 23. Nxc5 Rxb5 24. Ra1 g6 25. Nd3 Nd7 26. Bf1 Rb3
27. Ra8+ Kg7 28. Rd8 Nb6 29. Kg2 Nc4 30. Rd7 b5 31. Nc5 Rb2 32. Bxc4 dxc4 33.
Nxe6+ Kf6 34. Nf4 g5 35. Nh5+ Kg6 36. g4 Re2 37. f4 f5 38. Rg7+ Kh6 39. fxg5#
1-0

[Event "8. HK Mesterskab 2005"]
[Site "Farum"]
[Date "2005.10.21"]
[Round "6"]
[White "Scherwin, Claes"]
[Black "Damm, Kasper Wilken"]
[Result "0-1"]
[WhiteElo "1618"]
[BlackElo "2261"]
[PlyCount "44"]
[EventDate "2005.10.??"]
[EventType "swiss"]
[EventRounds "7"]
[EventCountry "DEN"]

1. d4 Nf6 2. Bg5 g6 3. Bxf6 exf6 4. e3 c6 5. c3 Qb6 6. Qb3 d5 7. Bd3 Na6 8. Nd2
Nc7 9. Ne2 Bh6 10. Ng3 f5 11. a4 Qxb3 12. Nxb3 Ne6 13. Ne2 f4 14. e4 dxe4 15.
Bxe4 Ng5 16. f3 Nxe4 17. fxe4 O-O 18. O-O Re8 19. e5 f6 20. Nxf4 fxe5 21. Rae1
Bxf4 22. Rxf4 Be6 0-1

[Event "8. HK Mesterskab 2005"]
[Site "Farum"]
[Date "2005.10.21"]
[Round "6"]
[White "Thorsbro, Peter"]
[Black "Eriksson, Christian Altenburg"]
[Result "1-0"]
[WhiteElo "2205"]
[BlackElo "1985"]
[PlyCount "73"]
[EventDate "2005.10.??"]
[EventType "swiss"]
[EventRounds "7"]
[EventCountry "DEN"]

1. d4 Nf6 2. c4 c5 3. Nf3 cxd4 4. Nxd4 Nc6 5. Nc3 a6 6. e4 e5 7. Nc2 d6 8. Be2
Be6 9. O-O Be7 10. Be3 O-O 11. f3 Nh5 12. Nd5 Bxd5 13. cxd5 Nb8 14. Qd2 Nd7 15.
b4 Rc8 16. Rfc1 h6 17. a4 Nf4 18. Na3 Nxe2+ 19. Qxe2 Bg5 20. Rxc8 Bxe3+ 21.
Qxe3 Qxc8 22. Rc1 Qb8 23. a5 Rc8 24. Kf1 b6 25. Rc6 bxa5 26. Qc1 Rd8 27. bxa5
Qb4 28. Qc3 Qxc3 29. Rxc3 Nc5 30. Nc4 Nb7 31. Rb3 Rd7 32. Rb6 Kf8 33. Rxa6 Ke7
34. Rb6 Nc5 35. a6 Ra7 36. Nxd6 Rxa6 37. Nf5+ 1-0

[Event "8. HK Mesterskab 2005"]
[Site "Farum"]
[Date "2005.10.21"]
[Round "6"]
[White "Nielsen, Nicholas Roland"]
[Black "Andersen, Daniel"]
[Result "1-0"]
[WhiteElo "2208"]
[BlackElo "2026"]
[PlyCount "105"]
[EventDate "2005.10.??"]
[EventType "swiss"]
[EventRounds "7"]
[EventCountry "DEN"]

1. c4 Nf6 2. Nc3 d5 3. cxd5 Nxd5 4. g3 g6 5. Bg2 Nxc3 6. bxc3 Bg7 7. Rb1 Nc6 8.
Qa4 O-O 9. Ba3 Re8 10. d4 Bd7 11. Qc2 Rb8 12. e4 e5 13. d5 Ne7 14. Ne2 c6 15.
c4 cxd5 16. cxd5 Qa5+ 17. Bb4 Qa6 18. O-O Bb5 19. Rb2 Rbc8 20. Qd2 Rc4 21. Re1
Nc8 22. Nc3 Rd4 23. Qc1 Bd3 24. Ne2 Bxe2 25. Bc3 Bc4 26. Bxd4 exd4 27. f4 b5
28. e5 Ne7 29. d6 Nf5 30. Qd2 Qb6 31. Rc1 Qc5 32. Qa5 d3+ 33. Kh1 Qd4 34. Rd2
Qb6 35. Qxb6 axb6 36. a4 f6 37. Bc6 Rd8 38. axb5 Be6 39. g4 Nh6 40. exf6 Bxf6
41. g5 Bf5 42. d7 Bd4 43. gxh6 Kf7 44. Re1 Bf6 45. Re8 Rxd7 46. Bxd7 Bxd7 47.
Re3 Bxb5 48. Rexd3 Bxd3 49. Rxd3 g5 50. f5 Be7 51. Re3 Bf6 52. Kg2 Bc3 53. Rxc3
1-0

[Event "8. HK Mesterskab 2005"]
[Site "Farum"]
[Date "2005.10.21"]
[Round "6"]
[White "Kaya Mortensen, Jan T"]
[Black "Jensen, Orla"]
[Result "1-0"]
[WhiteElo "2173"]
[BlackElo "2003"]
[PlyCount "153"]
[EventDate "2005.10.??"]
[EventType "swiss"]
[EventRounds "7"]
[EventCountry "DEN"]

1. e4 c5 2. Nc3 d6 3. g3 Nc6 4. Bg2 Nf6 5. d3 Bd7 6. h3 a6 7. Be3 Rb8 8. Qd2 e6
9. Nge2 Be7 10. d4 cxd4 11. Nxd4 Nxd4 12. Qxd4 Bc6 13. Rd1 O-O 14. O-O Qa5 15.
b4 Qc7 16. Qb6 Qxb6 17. Bxb6 Rfc8 18. Rd3 Nd7 19. Bd4 Ne5 20. Rdd1 Be8 21. a3
Nc6 22. Ne2 Nxd4 23. Nxd4 Bf6 24. Rd2 Rc3 25. Ra1 Rc4 26. Rad1 Rc3 27. Nb3 Be7
28. Bf1 Ba4 29. Nd4 Rbc8 30. b5 a5 31. Rd3 R3c5 32. R1d2 Bxc2 33. Rxc2 Rxc2 34.
Nxc2 Rxc2 35. Kg2 Kf8 36. Kf3 Ke8 37. Rd4 Rc3+ 38. Rd3 Rxd3+ 39. Bxd3 Bd8 40.
Kg4 Bb6 41. f4 Bf2 42. Kf3 Bd4 43. a4 h6 44. Kg4 Bf2 45. f5 Ke7 46. Kf3 Bd4 47.
g4 Kf6 48. Kf4 Be5+ 49. Kf3 Bb2 50. Bc4 Ke5 51. Ke3 d5 52. exd5 exd5 53. Be2
Bd4+ 54. Kd3 Bf2 55. Bf3 b6 56. Bg2 Bc5 57. Bf3 d4 58. h4 Kf4 59. Bd1 h5 60. f6
gxf6 61. gxh5 Bf8 62. Kxd4 Kg3 63. Kd5 f5 64. Ke5 f4 65. Kf6 f3 66. Bxf3 Kxf3
67. Kxf7 Ba3 68. h6 Kg4 69. h7 Bb2 70. Kg8 Kxh4 71. h8=Q+ Bxh8 72. Kxh8 Kg5 73.
Kg7 Kf5 74. Kf7 Ke5 75. Ke7 Kd5 76. Kd7 Kc5 77. Kc7 1-0